| 000 -LEADER |
| fixed length control field |
00623cam a2200217 a 4500 |
| 005 - DATE AND TIME OF LATEST TRANSACTION |
| control field |
20131010053930.0 |
| 008 - FIXED-LENGTH DATA ELEMENTS--GENERAL INFORMATION |
| fixed length control field |
880422s1973 nyu b 001 0 eng d |
| 041 0# - LANGUAGE CODE |
| Language code of text/sound track or separate title |
eng |
| 080 ## - UNIVERSAL DECIMAL CLASSIFICATION NUMBER |
| Universal Decimal Classification number |
159.9 |
| 100 1# - Rafti |
| Rafti |
Fromm, Erich, |
| 100 1# - Rafti |
| -- |
1900-1980. |
| 245 14 - TITLE STATEMENT |
| Title |
The anatomy of human destructiveness / |
| Statement of responsibility, etc |
Erich Fromm. |
| 250 ## - |
| -- |
[1st ed.] |
| 260 ## - |
| -- |
New York : |
| -- |
Holt, Rinehart and Winston, |
| -- |
1973. |
| 300 ## - |
| -- |
xvi, 521 p. ; |
| -- |
24 cm. |
| 500 ## - |
| -- |
Preface f. : XI - XIII |
| 500 ## - |
| -- |
Includes index. |
| 504 ## - BIBLIOGRAPHY, ETC. NOTE |
| Bibliography, etc |
Bibliography: p. 479-498. |
| 650 #0 - |
| -- |
Psikologjia gjenetike |
| 650 #0 - |
| -- |
Psikologjia sociale |
| 942 ## - ADDED ENTRY ELEMENTS (KOHA) |
| Source of classification or shelving scheme |
|
| Item type |
Books |